000 00668nam a2200217Ia 4500
001 21675
003 GE_BSU
008 181216s||||||||xx |||||||||||||| ||und||
040 _cGE_BSU
245 _aПолитическая наука.№3, 2017
245 _bполитическая организация разделенных обществ
245 _cГл.ред. Мелешкина Е.Ю.
260 _aМосква
260 _bЮнион Ран
260 _c2017
300 _a271стр. 24см.
653 _aПериодика
653 _aПолитическая наука.№3, 2017
653 _aპერიოდიკა
942 _cCR
999 _c54608
_d54608